000 00514nam a2200157 i 4500
001 62091
003 ES-MaACL
007 t|
008 031118s1907 xxk ||||1| eng d
100 1 _aFanshawe, Ann
_cLady.
_948810
245 1 4 _aThe memoirs of Lady Ann Fanshawe
_b: wife of Sir Richard Fanshawe, Bart 1600-72 /
_cAnn Fanshawe.
260 _aLondon :
_bJohn Lane,
_c1907.
300 _aXCII, 617 p., 4 retr., 29 grab. ;
_c15 cm.
500 _aReprinted from the original manuscript.
852 _aES-MaACL
_jG-394
999 _c62091
_d62091